02506cam a2200277 i 450000100190000000500170001900800410003601000150007702000180009203500340011003500200014403500220016404000590018604100080024504200080025305000200026110000310028124500850031226400400039730000470043750400510048450502260053552013850076165000310214665000510217799110602732300619620250616095315.0190311s2020 mau g b 001 0 eng  a2019011785 a9781509533169 a(UTL)13113142-01utoronto_inst a(SIRSI)13113142 a(OCoLC)1096236242 aDLCbengerdacDLCdOCLCOdYDXdDLCdOCLCFdBDXdNLHHG aeng apcc00aQ335b.G86 2019 aGunkel, David J.,eauthor.13aAn introduction to communication and artificial intelligence /cDavid J. Gunkel. 1aMedford, MA :bPolity Press,c2020. axviii, 363 pages :billustrations ;c24 cm aIncludes bibliographical references and index.0 aCommunication and AI — Basic concepts and terminology — Machine translation — Natural language processing — Computational creativity — Social robots — Social issues — Social responsibility and ethics. aCommunication and artificial intelligence (AI) are closely related. It is communication – particularly interpersonal conversational interaction – that provides AI with its defining test case and experimental evidence. Likewise, recent developments in AI introduce new challenges and opportunities for communication studies. Technologies such as machine translation of human languages, spoken dialogue systems like Siri, algorithms capable of producing publishable journalistic content, and social robots are all designed to communicate with users in a human-like way. This timely and original textbook provides educators and students with a much-needed resource, connecting the dots between the science of AI and the discipline of communication studies. Clearly outlining the topic's scope, content and future, the text introduces key issues and debates, highlighting the importance and relevance of AI to communication studies. In lively and accessible prose, David Gunkel provides a new generation with the information, knowledge, and skills necessary to working and living in a world where social interaction is no longer restricted to humans. The first work of its kind, An Introduction to Communication and Artificial Intelligence is the go-to textbook for students and scholars getting to grips with this crucial interdisciplinary topic.cProvided by publisher. 0aComputational intelligence 0aNatural language processing (Computer science)